[Event "Baden Wuerttemberg-ch Seniors op 3rd"]
[Site "Freudenstadt"]
[Date "2017.06.30"]
[Round "1"]
[White "Slager, Anton"]
[Black "Herbrechtsmeier, Christof"]
[Result "0-1"]
[WhiteElo "1916"]
[BlackElo "2240"]
[PlyCount "90"]
[EventDate "2017.06.30"]
[EventType "swiss"]
[EventRounds "9"]
[EventCountry "GER"]
[SourceTitle "EXT 2019"]
[Source "ChessBase"]
[SourceDate "2018.10.10"]
[SourceVersion "1"]
[SourceVersionDate "2018.10.10"]
[SourceQuality "1"]

1. e4 c5 2. Nf3 g6 3. d4 cxd4 4. Nxd4 Nc6 5. Be3 Nf6 6. Nc3 Bg7 7. Be2 0-0 8. 0-0 d5 9. exd5 Nb4 10. f3 Nbxd5 11. Nxd5 Nxd5 12. Bf2 Nf4 13. c3 e5 14. Nb3 Bf5 15. Re1 Qg5 16. Bg3 Rad8 17. Qc1 Bh6 18. Bxf4 Qxf4 19. Qxf4 Bxf4 20. Rad1 Kg7 21. Bc4 f6 22. Kh1 b6 23. Rd5 a5 24. g3 Bh6 25. Nc1 Bc8 26. Kg2 Bb7 27. Rdd1 Bxc1 28. Rxc1 Rd2+ 29. Re2 Rfd8 30. Rc2 Rxc2 31. Rxc2 e4 32. Be2 e3 33. Kf1 f5 34. Ke1 g5 35. c4 f4 36. c5 bxc5 37. Rxc5 Rc8 38. Rxc8 Bxc8 39. Bd3 h6 40. Ke2 Kf6 41. g4 Ke5 42. a3 Kd4 43. Bb5 Be6 44. Bc6 Bc4+ 45. Ke1 Bd5 0-1

[Event "Wuertemberg-ch Seniors 27th"]
[Site "Freudenstadt"]
[Date "2015.07.10"]
[Round "8"]
[White "Duijker, Bert"]
[Black "Slager, Anton"]
[Result "1/2-1/2"]
[WhiteElo "1897"]
[BlackElo "1945"]
[PlyCount "61"]
[EventDate "2015.07.03"]
[EventType "swiss"]
[EventRounds "9"]
[EventCountry "GER"]
[SourceTitle "EXT 2016"]
[Source "ChessBase"]
[SourceDate "2015.10.08"]
[SourceVersion "1"]
[SourceVersionDate "2015.10.08"]
[SourceQuality "1"]

1. Nf3 Nf6 2. c4 g6 3. d4 d5 4. cxd5 Nxd5 5. h3 Bg7 6. e4 Nf6 7. Nc3 c6 8. Be2 0-0 9. 0-0 e6 10. Be3 b6 11. Qd2 Bb7 12. Bg5 Qc8 13. Rac1 Ba6 14. Rfd1 Bxe2 15. Qxe2 Qb7 16. a3 Nbd7 17. e5 Nd5 18. Ne4 Nb8 19. b4 Qd7 20. Nf6+ Nxf6 21. exf6 Bh8 22. Qe5 Rd8 23. Rd2 Qe8 24. Rdc2 Rd5 25. Qe3 Nd7 26. Rxc6 Nxf6 27. Rc7 Rd7 28. Bxf6 Bxf6 29. Ne5 Bxe5 30. Qxe5 Rad8 31. Rxd7 1/2-1/2

[Event "Wuertemberg-ch Seniors 27th"]
[Site "Freudenstadt"]
[Date "2015.07.05"]
[Round "3"]
[White "Slager, Anton"]
[Black "Meyer, Thomas"]
[Result "0-1"]
[WhiteElo "1945"]
[BlackElo "1816"]
[PlyCount "74"]
[EventDate "2015.07.03"]
[EventType "swiss"]
[EventRounds "9"]
[EventCountry "GER"]
[SourceTitle "EXT 2016"]
[Source "ChessBase"]
[SourceDate "2015.10.08"]
[SourceVersion "1"]
[SourceVersionDate "2015.10.08"]
[SourceQuality "1"]

1. e4 c6 2. d4 d5 3. Nc3 dxe4 4. Nxe4 Bf5 5. Ng5 Nf6 6. c3 e6 7. Bd3 Bxd3 8. Qxd3 Bd6 9. Qc2 h6 10. Ne4 Nxe4 11. Qxe4 Nd7 12. Nf3 Nf6 13. Qc2 Qc7 14. Bd2 0-0-0 15. h3 Rhe8 16. 0-0-0 Nd5 17. Kb1 Re7 18. g3 Nb6 19. Be3 Nc4 20. Bc1 Nb6 21. Rhe1 f6 22. Nh4 Qd7 23. Ng6 Ree8 24. Bf4 Bxf4 25. Nxf4 Qf7 26. Re2 Kb8 27. Rde1 Rd6 28. Qb3 Nd5 29. Nd3 Nc7 30. Qc2 g5 31. Nc5 b6 32. Ne4 Rd7 33. Nd2 Kb7 34. Ne4 Kb8 35. a3 e5 36. f3 exd4 37. cxd4 Kb7 0-1

[Event "Wuertemberg-ch Seniors 27th"]
[Site "Freudenstadt"]
[Date "2015.07.04"]
[Round "2"]
[White "Villing, Dieter"]
[Black "Slager, Anton"]
[Result "1-0"]
[WhiteElo "2039"]
[BlackElo "1945"]
[PlyCount "67"]
[EventDate "2015.07.03"]
[EventType "swiss"]
[EventRounds "9"]
[EventCountry "GER"]
[SourceTitle "EXT 2016"]
[Source "ChessBase"]
[SourceDate "2015.10.08"]
[SourceVersion "1"]
[SourceVersionDate "2015.10.08"]
[SourceQuality "1"]

1. e4 c5 2. Nf3 Nc6 3. d4 cxd4 4. Nxd4 Nf6 5. Nc3 a6 6. f4 d6 7. Nf3 Bg4 8. h3 Bxf3 9. Qxf3 e6 10. Be3 Qc7 11. 0-0-0 Rc8 12. g4 Be7 13. h4 b5 14. Rh2 Nd7 15. g5 Nc5 16. Bh3 b4 17. Nd5 exd5 18. exd5 Na5 19. Bxc5 Qxc5 20. Bxc8 Qxc8 21. Re2 Kd8 22. Qe4 Re8 23. Qxb4 Qc7 24. Rde1 Nc4 25. b3 Nb6 26. Qa5 Qb7 27. c4 Kd7 28. Qc3 Nxd5 29. cxd5 Qxd5 30. Qh3+ Kd8 31. Rc2 Qb7 32. Kb1 a5 33. Rec1 Bf6 34. Rc8+ 1-0

[Event "Wuertemberg-ch Seniors 27th"]
[Site "Freudenstadt"]
[Date "2015.07.03"]
[Round "1"]
[White "Slager, Anton"]
[Black "Luebbers, Doris"]
[Result "1-0"]
[WhiteElo "1945"]
[BlackElo "1527"]
[PlyCount "56"]
[EventDate "2015.07.03"]
[EventType "swiss"]
[EventRounds "9"]
[EventCountry "GER"]
[SourceTitle "EXT 2016"]
[Source "ChessBase"]
[SourceDate "2015.10.08"]
[SourceVersion "1"]
[SourceVersionDate "2015.10.08"]
[SourceQuality "1"]

1. e4 e5 2. Nf3 d6 3. Bc4 Be7 4. Nc3 Nf6 5. d3 a6 6. h3 b5 7. Bb3 Nbd7 8. Be3 Bb7 9. a3 c5 10. 0-0 Rc8 11. Ba2 c4 12. Nd2 cxd3 13. cxd3 Nc5 14. Qe2 0-0 15. Rac1 Qd7 16. f4 exf4 17. Bxf4 Ne6 18. Be3 Qe8 19. d4 h6 20. d5 Nc5 21. b4 Ncd7 22. Nf3 Ne5 23. Nxe5 dxe5 24. Qf3 Kh8 25. Qg3 Bd6 26. Bxh6 gxh6 27. Rxf6 Kh7 28. Qh4 Qe7 1-0

[Event "Wuerttemberg-ch Seniors op 26th"]
[Site "Freudenstadt"]
[Date "2014.07.22"]
[Round "7"]
[White "Pape, Manfred"]
[Black "Slager, Anton"]
[Result "1-0"]
[WhiteElo "2182"]
[BlackElo "1993"]
[PlyCount "53"]
[EventDate "2014.07.16"]
[EventType "swiss"]
[EventRounds "9"]
[EventCountry "GER"]
[SourceTitle "EXT 2019"]
[Source "ChessBase"]
[SourceDate "2018.10.10"]
[SourceVersion "1"]
[SourceVersionDate "2018.10.10"]
[SourceQuality "1"]

1. Nf3 d5 2. g3 g6 3. Bg2 Bg7 4. d3 Nf6 5. 0-0 c5 6. Nbd2 Nc6 7. c3 0-0 8. Re1 Bf5 9. Qc2 e5 10. e4 Be6 11. exd5 Nxd5 12. Nc4 f6 13. a4 Bf7 14. a5 Re8 15. a6 bxa6 16. Qa4 Nde7 17. Be3 Qxd3 18. Nfd2 Bd5 19. Bf1 Qf5 20. Nd6 Qd7 21. Nxe8 Qxe8 22. Bxc5 Qd8 23. Rad1 Qc7 24. Bc4 h5 25. Ne4 Bxc4 26. Qxc4+ Kh7 27. Bxe7 1-0

[Event "Alsace-Baden"]
[Site "Wittelsheim"]
[Date "2013.09.22"]
[Round "1.26"]
[White "Flick, Antoine"]
[Black "Slager, Anton"]
[Result "1-0"]
[WhiteElo "1993"]
[BlackElo "1993"]
[PlyCount "61"]
[EventDate "2013.09.22"]
[EventType "team-match"]
[EventRounds "1"]
[EventCountry "FRA"]
[SourceTitle "EXT 2014"]
[Source "ChessBase"]
[SourceDate "2013.11.20"]
[SourceVersion "1"]
[SourceVersionDate "2013.11.20"]
[SourceQuality "1"]
[WhiteTeam "Alsace"]
[BlackTeam "Baden"]
[WhiteTeamCountry "FRA"]
[BlackTeamCountry "GER"]

1. d4 Nf6 2. Nf3 g6 3. c4 d5 4. Nc3 Bg7 5. cxd5 Nxd5 6. e4 Nxc3 7. bxc3 c6 8. Be3 0-0 9. Be2 Nd7 10. 0-0 Nf6 11. Bd3 Qc7 12. Qd2 Ng4 13. e5 Nxe3 14. Qxe3 Bd7 15. Nd2 Rad8 16. f4 f5 17. Bc4+ e6 18. Rab1 Bc8 19. Be2 Rf7 20. Nf3 Bh6 21. Rfd1 b6 22. Bc4 Re7 23. Rd2 Bb7 24. Rbd1 Kh8 25. g3 Ree8 26. Qe2 Qe7 27. h4 Rd7 28. Bb3 Red8 29. c4 Bf8 30. Qf2 Ba8 31. Ne1 1-0

[Event "Baden-ch Seniors"]
[Site "Emmendingen"]
[Date "2012.06.09"]
[Round "8"]
[White "Ljubarskij, Jurij"]
[Black "Slager, Anton"]
[Result "1-0"]
[WhiteElo "2282"]
[BlackElo "1985"]
[PlyCount "51"]
[EventDate "2012.06.02"]
[EventType "swiss"]
[EventRounds "9"]
[EventCountry "GER"]
[SourceTitle "CBM 148 Extra"]
[Source "ChessBase"]
[SourceDate "2012.06.22"]
[SourceVersion "1"]
[SourceVersionDate "2012.06.22"]
[SourceQuality "1"]

1. e4 c5 2. Nc3 Nc6 3. f4 e6 4. Nf3 a6 5. d4 cxd4 6. Nxd4 Be7 7. Be3 b5 8. Bd3 Bb7 9. 0-0 Bc5 10. Nce2 Nge7 11. c3 d5 12. e5 g6 13. Kh1 Ba7 14. Qd2 Qc7 15. a4 Nxd4 16. Nxd4 Bxd4 17. Bxd4 bxa4 18. Rxa4 0-0 19. b4 Rfc8 20. Rfa1 Nc6 21. Bc5 a5 22. Bd6 Qb6 23. b5 Nd8 24. f5 exf5 25. Qh6 Ne6 26. Rh4 1-0

[Event "Baden-ch Seniors"]
[Site "Haslach im Kinzigtal"]
[Date "2010.06.02"]
[Round "5"]
[White "Slager, Anton"]
[Black "Dittmar, Hans Joachim"]
[Result "0-1"]
[WhiteElo "1929"]
[BlackElo "2073"]
[PlyCount "80"]
[EventDate "2010.05.29"]
[EventType "swiss"]
[EventRounds "9"]
[EventCountry "GER"]
[SourceTitle "EXT 2011"]
[Source "ChessBase"]
[SourceDate "2010.11.26"]
[SourceVersion "1"]
[SourceVersionDate "2010.11.26"]
[SourceQuality "1"]

1. e4 c5 2. Nf3 d6 3. d4 cxd4 4. Nxd4 Nf6 5. Nc3 a6 6. Be2 e6 7. 0-0 Qc7 8. Kh1 Be7 9. Be3 Nc6 10. f4 Nxd4 11. Bxd4 0-0 12. Bg1 b5 13. a3 Bb7 14. Bf3 Rac8 15. Rc1 Rfd8 16. Qe2 Rd7 17. Rfd1 Qc4 18. Rd4 Qxe2 19. Nxe2 e5 20. fxe5 dxe5 21. Rxd7 Nxd7 22. Bg4 Rc7 23. Nc3 Nf6 24. Bf3 h6 25. Bf2 Bxa3 26. Nxb5 Bxb2 27. Nxc7 Bxc1 28. Nd5 Kf8 29. Kg1 a5 30. Bc5+ Ke8 31. c4 a4 32. Bd1 Bc6 33. Nb4 Nxe4 34. Nxc6 Nxc5 35. Bxa4 Nxa4 36. Nxe5 Ke7 37. Kf2 Ke6 38. Nf3 Bb2 39. Ke3 Kd6 40. g4 Kc5 0-1

[Event "Baden-ch Seniors"]
[Site "Haslach im Kinzigtal"]
[Date "2010.05.31"]
[Round "3"]
[White "Slager, Anton"]
[Black "Gierse, Heinz Dieter"]
[Result "0-1"]
[WhiteElo "1929"]
[BlackElo "2134"]
[PlyCount "72"]
[EventDate "2010.05.29"]
[EventType "swiss"]
[EventRounds "9"]
[EventCountry "GER"]
[SourceTitle "EXT 2011"]
[Source "ChessBase"]
[SourceDate "2010.11.26"]
[SourceVersion "1"]
[SourceVersionDate "2010.11.26"]
[SourceQuality "1"]

1. e4 d5 2. exd5 Nf6 3. Nc3 Nxd5 4. Nxd5 Qxd5 5. d4 Qe4+ 6. Be3 Nc6 7. Nf3 Nb4 8. Bd3 Nxd3+ 9. Qxd3 Qxd3 10. cxd3 Bf5 11. Ke2 c6 12. h3 g6 13. Rac1 Bg7 14. Rc2 0-0 15. b3 Rfd8 16. g4 Be6 17. Re1 Bd5 18. Ne5 Be6 19. Rc3 Rd5 20. f4 f6 21. Nxc6 bxc6 22. Rxc6 Rd6 23. Rc7 Rd7 24. Rxd7 Bxd7 25. d5 a6 26. Bc5 Kf7 27. Kf3 Bf8 28. d4 e6 29. d6 Bc6+ 30. Kg3 Rd8 31. f5 gxf5 32. gxf5 exf5 33. Rf1 Be4 34. b4 Bxd6+ 35. Kh4 Bxc5 36. dxc5 Rd4 0-1